MARC Record
Leader
003
BE-GnUNI
007
't'u
035
a| (MSK)314000208
084
a| II.B.389
245
0
0
a| Génie des arts.
546
a| Frans
500
a| Tijdschriften
852
4
b| MSK
c| MSK
j| II.B.389
920
a| tijdschrift
001
000044407
005
20241224121705.0